Bài giảng Nhập môn QHQT

Uloženo v:
Podrobná bibliografie
Médium: Kniha
Vydáno: Lưu hành nội bộ 2006
Tagy: Přidat tag
Žádné tagy, Buďte první, kdo otaguje tento záznam!
Thư viện lưu trữ: Mạng thư viện Đại học Đà Nẵng
LEADER 00438nam a22001691a 4500
001 000035842
003 12134
005 20160321110943.0
008 160321s2006 000
245 |a Bài giảng Nhập môn QHQT  |c Hoàng Khắc Nam 
260 |a Lưu hành nội bộ  |c 2006 
OWN |a LNN 
999 |a From the UDN01 
TYP |a Monograph 
980 |a Mạng thư viện Đại học Đà Nẵng